Europe in an age of austerity

Na minha lista:
Detalhes bibliográficos
Autor principal: Borooah, Vani K.
Formato: Livro
Idioma:inglês
Publicado em: Basingstoke Palgrave Macmillan 2014
Assuntos:
Tags: Adicionar Tag
Sem tags, seja o primeiro a adicionar uma tag!

MARC

LEADER 00000nam a2200000 4500
001 0224839
005 20240312115625.3
020 |a 978-1-137-39601-3 
041 0 |a eng 
044 |a GB 
245 1 0 |a Europe in an age of austerity  |c Vani K. Borooah 
264 1 |a Basingstoke  |b Palgrave Macmillan  |c 2014 
300 |a 165 s. 
610 2 0 |a politika fiškálna 
610 2 0 |a bankovníctvo 
610 2 0 |a dlhy 
610 2 0 |a reformy 
610 2 0 |a bývanie 
610 2 0 |a Európa 
100 1 |a Borooah, Vani K.